00546nam a22001697a 450000500170000001000160001702000260003303500130005903700260007208200120009810000180011024500710012825000120019926000410021127000850025230000390033720190710102957.0 aB-719523  a9789352603633c775.00 aB-719523 bAksharesh Enterprises a320.954 aLaxmikanth, M aIndian Polity:bfor civil services examinations /cby M Laxmikanth a5th ed. aChennaibMcGraw Hill Educationc2018 a444/1, Sri Ekambara Naicker Industrial Estate, Alapakkam, PorurbChennaie600116 avarious pagings.:c24cm(pbk)bill.